00706nam a2200181 a 450000100100000000500170001000800410002702000150006804000250008308200150010810000370012324501280016025000120028826001060030030000380040650000420044470000380048600004163120201002035657.0131014s1984 sp abc 001 0 spa d a8400055799 aDO-SdBNPbspacBNPHU axxxxbxxxx1 aCalderon Quijano, José Antonio10aHistoria de las Fortificaciones en Nueva España. /cJosé Antonio Calderon Quijano; prólogo D. Diego Angulo Iñiguez. a2a. ed. aMadrid, :bGobierno del Estado de VeracruzbConsejo Superior de Investigaciones Científicas,c1984. aLXIX, 508 p. :bil., mapa, retrs. aIncluye índice de nombres y lugares1 aAngulo Iñiguez, D. Diegoeprol.